=LDR 00000nam 2200000 4500 =001 INLIS000000000039910 =005 20200304092057 =035 ##$$a 0010-061300000039910 =008 200304################g##########0#ind## =041 ##$$a ind =082 ##$$a 158.1 =090 ##$$a .; 158.1, Ami i =245 1#$$a Connect : $b Kesuksesan anda di masa depan juga ditentukan oleh hubungan anda saat ini /$c Keith Harrell, Hattie Hill =260 ##$$a Jakarta :$b Gramedia,$c 2008 =300 ##$$a xviii,326 hlm. ; $c 13,5x20 cm. =650 #4$$a Kesuksesan =850 ##$$a NBPNMAT =020 ##$$a 978-979-22-3915-7 =084 ##$$a 158.1 HAR c =100 ##$$a Harrell, Keith =700 #$$a Hill, Hattie =990 ##$$a 21104758 =990 ##$$a 21104757 =990 ##$$a 21104758 =990 ##$$a 21104757